[Event "Mechanics' Summer TNM; G/2 d5"]
[Site "San Francisco"]
[Date "2017.06.13"]
[Round "4.50"]
[White "Reed, Nicholas"]
[Black "Revi, Frank"]
[Result "1/2-1/2"]
[WhiteElo "1216"]
[BlackElo "1354"]
[Annotator "Winslow"]
[PlyCount "66"]
[EventDate "2017.??.??"]

1. e4 c5 2. c3 Nc6 3. Bb5 (3. d4) 3... Qc7 4. Bxc6 $6 Qxc6 5. Qe2 e5 6. Nf3 d6
7. h3 Nf6 8. d3 h6 9. Nbd2 Be7 10. d4 cxd4 11. cxd4 exd4 12. Nxd4 Qd7 13. Qb5
O-O 14. Qxd7 Bxd7 15. O-O Rae8 16. b3 d5 17. e5 Ne4 (17... Bc5 18. N2f3 Bxd4
19. Nxd4 Rxe5) 18. Nxe4 dxe4 19. Re1 $6 (19. Rd1) (19. Be3) 19... Bc5 20. Rxe4
$4 {Diagram [#]} Rxe5 $2 {The wrong clever, which backfires!} (20... f5 $1 {
takes the rook off defense of d4} 21. e6 Bc8 22. Rh4 g5 23. Rxh6 Bxd4) 21. Rxe5
Bxd4 22. Rd5 $1 Bxa1 23. Rxd7 {White picks up a pawn, or should...} Re8 24. Bd2
(24. Be3 $16) 24... Re2 $6 (24... b5 25. Rxa7 Rd8 26. Be3 b4 {
holds for now, but White still proceeds (king center, trade a-pawn for b-pawn)}
) 25. Kf1 Re6 26. Rxb7 a6 27. a4 Bd4 28. a5 ({Make a passed b-pawn with} 28. b4
$1) 28... Rf6 29. f3 Rd6 30. Be1 (30. b4 $1) 30... Rc6 31. b4 Rc1 $6 32. Ke2
Rb1 33. Bd2 (33. Rb8+ Kh7 34. Ra8 {very +-}) ({For that matter,} 33. Rb6 $1 {
works, since taking just creates a monster, but the check pushes Black's king
far away on top of just winning.} Kf8 34. Rxa6 $18) 33... Rb2 $18 {
Why not play on!} (33... Rb2 34. Kd3 Be5 {when most convincing is} 35. b5 Rxb5
36. Rxb5 axb5 37. a6 Bb8 38. Kd4 (38. Be3) 38... Kf8 39. Kd5 Ba7 40. Kc6 f6 41.
Ba5 Ke7 42. Bb6 Bb8 43. Kb7 {
Black can't even get rid of the queen for his bishop.}) 1/2-1/2

[Event "Mechanics' Fall TNM; G/2 d5"]
[Site "San Francisco"]
[Date "2017.11.07"]
[Round "3"]
[White "Regzedmaa, Ganhuya"]
[Black "Nassif, Wassim"]
[Result "0-1"]
[WhiteElo "1536"]
[BlackElo "1086"]
[PlyCount "82"]
[EventDate "2017.??.??"]

1. d4 d5 2. c4 e6 3. a3 h6 4. e3 Nf6 5. Nc3 Bd6 6. c5 Be7 7. Nf3 O-O 8. Ne5
Nbd7 9. Ng4 Nxg4 10. Qxg4 Nf6 11. Qd1 c6 12. Be2 Qc7 13. b4 e5 14. h3 e4 15. g3
Bf5 16. f4 exf3 17. Bxf3 Qxg3+ 18. Ke2 Bxh3 19. Qg1 Qxg1 20. Rxg1 Bf5 21. b5
Ne4 22. Nxe4 Bxe4 23. a4 a5 24. b6 f5 25. Bd2 Bh4 26. Rh1 g5 27. Rag1 Kh7 28.
Rh2 Rg8 29. Rgh1 Bxf3+ 30. Kxf3 g4+ 31. Ke2 Bg5 32. Rh5 Rg6 33. Rf1 Rf8 34.
Bxa5 Re6 35. Bd2 Kg6 36. Rfh1 f4 37. Kd3 f3 38. e4 dxe4+ 39. Kc3 e3 40. Be1 f2
41. Bxf2 exf2 0-1

[Event "Mechanics' Winter TNM; G/2"]
[Site "San Francisco"]
[Date "2017.02.07"]
[Round "6.42"]
[White "Revi, Frank"]
[Black "Adams, Sophie"]
[Result "0-1"]
[WhiteElo "1394"]
[BlackElo "1319"]
[Annotator "Donaldson"]
[PlyCount "46"]
[EventDate "2017.??.??"]

1. d4 d5 2. c4 Nf6 (2... e6) 3. Nf3 (3. cxd5) 3... e6 4. Bf4 Bd6 5. Qd2 $2 Ne4
6. Qe3 O-O 7. Ng5 $2 Bxf4 8. Qxf4 Nxg5 9. Nd2 b6 10. h4 Ne4 11. Nxe4 dxe4 12.
Qxe4 c6 13. h5 h6 14. Rd1 Bb7 15. g4 Qe7 16. d5 Rd8 17. Qe5 cxd5 18. Bg2 Qb4+
19. Rd2 Qxc4 20. g5 Nd7 21. Qg3 hxg5 22. h6 g6 23. Qxg5 Qc1+ 0-1

[Event "Mechanics' Peter Grey TNM; G/2 d5"]
[Site "San Francisco"]
[Date "2017.09.12"]
[Round "6.44"]
[White "Revi, Frank"]
[Black "Badgett Jr, James"]
[Result "1-0"]
[WhiteElo "1306"]
[BlackElo "918"]
[PlyCount "55"]
[EventDate "2017.??.??"]

1. d4 d5 2. c4 e5 3. dxe5 d4 4. Nf3 Nc6 5. a3 Be6 6. Qd3 f6 7. Bf4 Qd7 8. Nbd2
O-O-O 9. b4 a6 10. Nb3 Bf5 11. e4 dxe3 12. Qxe3 Be6 13. Be2 Qf7 14. Rc1 h5 15.
Qc3 g5 16. Be3 fxe5 17. b5 Bxa3 18. bxc6 Qf8 19. cxb7+ Kb8 20. Qxe5 Rh6 21. Rb1
Bg4 22. Na5 Bb4+ 23. Bd2 Bxd2+ 24. Nxd2 Bxe2 25. Qxe2 Re8 26. Ne4 Rxe4 27. Qxe4
Nf6 28. Nc6# 1-0

[Event "Mechanics' Peter Grey TNM; G/2 d5"]
[Site "San Francisco"]
[Date "2017.09.26"]
[Round "8.44"]
[White "Revi, Frank"]
[Black "Bayaraa, Timothy"]
[Result "0-1"]
[WhiteElo "1306"]
[BlackElo "782"]
[PlyCount "50"]
[EventDate "2017.??.??"]

1. d4 d5 2. c4 Nf6 3. Bf4 Nc6 4. Nf3 Bf5 5. Nc3 e6 6. a3 Ne4 7. e3 Nxc3 8. bxc3
Bd6 9. Bxd6 Qxd6 10. cxd5 exd5 11. c4 O-O 12. Be2 Qg6 13. Nh4 Qf6 14. Nxf5 Qxf5
15. cxd5 Qxd5 16. Bf3 Qd6 17. O-O Ne7 18. Qd3 Rae8 19. Bxb7 Qb6 20. Be4 g6 21.
Bf3 Rd8 22. Rab1 Qa5 23. Rfc1 c5 24. Rxc5 $4 Qxc5 25. Rb5 Qc1+ 0-1

[Event "Mechanics' Peter Grey TNM; G/2 d5"]
[Site "San Francisco"]
[Date "2017.09.05"]
[Round "5.36"]
[White "Revi, Frank"]
[Black "Casares Jr, Nick"]
[Result "0-1"]
[WhiteElo "1306"]
[BlackElo "1600"]
[PlyCount "80"]
[EventDate "2017.??.??"]

1. d4 d5 2. c4 c6 3. Bf4 Nf6 4. h3 dxc4 5. Nf3 e6 6. a3 Bd6 7. Bxd6 Qxd6 8. e3
b5 9. Qc2 Bb7 10. Nbd2 h6 11. Be2 Nbd7 12. b3 c3 13. Qxc3 Nd5 14. Qd3 N7f6 15.
O-O O-O 16. Ne5 Nd7 17. f4 f5 18. b4 a5 19. e4 fxe4 20. Nxe4 Qe7 21. Qg3 N7f6
22. Nc5 Bc8 23. Bd3 Nh5 24. Qg6 Nhf6 25. g4 axb4 26. Bc2 Ne3 27. Bd3 Ned5 28.
Bc2 Ne3 29. Bb1 Nxf1 30. g5 Qd6 31. gxf6 Qxd4+ 32. Kxf1 Qxf4+ 33. Kg2 Qg5+ 34.
Qxg5 hxg5 35. f7+ Rxf7 36. Nxf7 Kxf7 37. Ne4 Ke7 38. Nxg5 c5 39. Be4 Rxa3 40.
Rxa3 bxa3 0-1

[Event "Mechanics' Summer TNM; G/2 d5"]
[Site "San Francisco"]
[Date "2017.06.06"]
[Round "3.47"]
[White "Revi, Frank"]
[Black "Cowgill, Jackie"]
[Result "1/2-1/2"]
[WhiteElo "1354"]
[BlackElo "946"]
[PlyCount "55"]
[EventDate "2017.??.??"]

1. d4 d5 2. c4 c6 3. Nf3 Nf6 4. Bf4 Nbd7 5. Nc3 dxc4 6. h3 b5 7. e3 e6 8. Qc2
Be7 9. Rd1 Nd5 10. Bg3 O-O 11. a3 a5 12. Ne5 Re8 13. Nxc6 Qb6 14. Nxe7+ Nxe7
15. Be2 Bb7 16. e4 Nf6 17. Bf3 b4 18. Na4 Qb5 19. Nc5 b3 20. Qc3 Rad8 21. Nxb7
Qxb7 22. Qxa5 Nc6 23. Qc5 c3 24. Qxc3 Qb6 25. O-O Nxd4 26. Bh4 e5 27. Rd3 Rc8
28. Qe1 1/2-1/2

[Event "Mechanics' Fall TNM; G/2 d5"]
[Site "San Francisco"]
[Date "2017.11.14"]
[Round "4.44"]
[White "Revi, Frank"]
[Black "Malykin, Erika"]
[Result "0-1"]
[WhiteElo "1232"]
[BlackElo "1540"]
[PlyCount "92"]
[EventDate "2017.??.??"]

1. d4 Nf6 2. c4 e5 3. dxe5 Ng4 4. Nf3 Nc6 5. Bf4 Bb4+ 6. Nc3 Qe7 7. e3 Ngxe5 8.
Be2 Bxc3+ 9. bxc3 d6 10. O-O Bf5 11. Nd4 Bg6 12. Re1 O-O 13. Qd2 Rad8 14. Bd1
Na5 15. e4 Naxc4 16. Qe2 Qd7 17. Bb3 Nb6 18. Rad1 Rfe8 19. Qe3 Nec4 20. Qf3 c6
21. Bg5 f6 22. Bh4 c5 23. Nc2 Bf7 24. Qg3 g5 25. f4 Bh5 26. fxg5 Bxd1 27. gxf6+
Qg4 28. Qxg4+ Bxg4 29. f7+ Kxf7 30. Bxd8 Rxd8 31. Ne3 Be6 32. Rf1+ Ke7 33. Nf5+
Bxf5 34. exf5 Kf6 35. h3 Nd2 36. Rf2 Nxb3 37. axb3 Nd5 38. Rf3 b5 39. g4 Ke5
40. c4 bxc4 41. bxc4 Nf6 42. Kg2 h6 43. Kg3 a5 44. Ra3 Ra8 45. h4 Ne4+ 46. Kh3
Kf4 0-1

[Event "Mechanics' Fall TNM; G/2 d5"]
[Site "San Francisco"]
[Date "2017.11.28"]
[Round "6.48"]
[White "Revi, Frank"]
[Black "Olson, David R"]
[Result "0-1"]
[WhiteElo "1232"]
[BlackElo "1400"]
[Annotator "Donaldson"]
[PlyCount "62"]
[EventDate "2017.??.??"]

1. d4 Nf6 2. c4 e6 3. Nc3 Bb4 4. Bf4 Ne4 5. Qc2 Nxf2 $2 6. Kxf2 Qf6 7. Nf3 $2 (
7. Kg3 $1) 7... Qxf4 8. e3 Qh6 9. Be2 O-O 10. Ne4 Nc6 11. c5 b6 $2 (11... f5)
12. a3 Ba5 (12... f5) 13. b4 Bxb4 (13... f5) 14. axb4 Nxb4 15. Qc4 Nd5 (15...
a5) 16. cxb6 $2 (16. Qc1) 16... Qxe3+ 17. Ke1 Qxe4 18. bxc7 Bb7 19. Qb5 Bc6 20.
Qb3 Nxc7 (20... Nf4 $1) 21. Kf2 Rfb8 22. Qc4 Bb5 23. Qxc7 Qxe2+ 24. Kg3 a6 (
24... Bc6) 25. Rac1 h6 26. Qf4 Bc6 27. Rhe1 Qa2 28. Re3 Rb2 29. Rf1 Rxg2+ 30.
Kh3 Rf8 (30... f5) 31. Nh4 g5 0-1

[Event "Mechanics' Fall TNM; G/2 d5"]
[Site "San Francisco"]
[Date "2017.10.31"]
[Round "2.37"]
[White "Revi, Frank"]
[Black "Rakonitz, David"]
[Result "1-0"]
[WhiteElo "1232"]
[BlackElo "1583"]
[Annotator "Donaldson"]
[PlyCount "63"]
[EventDate "2017.??.??"]

1. d4 Nf6 2. c4 e6 3. Bf4 b6 4. Nf3 Bb7 5. e3 Bb4+ 6. Nc3 O-O 7. Be2 d5 8. O-O
Nbd7 9. Qc2 Rc8 10. Rac1 Bxc3 11. Qxc3 c5 12. Nd2 cxd4 13. exd4 dxc4 14. Qg3
Kh8 (14... b5 15. a4 (15. Bh6 Ne8) 15... a6 16. b3 c3 17. Rxc3 Rxc3 18. Qxc3
Nd5 19. Qg3 Qb6) 15. Nxc4 Ba6 16. Rfe1 Nd5 17. Bg5 N7f6 18. Qh4 Qd7 19. Ne5 Qb7
20. Bf3 Qe7 $4 (20... Rxc1 21. Rxc1 Rc8) 21. Bxd5 exd5 22. Ng6+ fxg6 23. Rxe7
Rxc1+ 24. Bxc1 Ne4 25. f3 Kg8 26. Rxa7 g5 27. Bxg5 Bd3 28. Qg4 Nxg5 29. Qxg5
Bg6 30. Qxd5+ Bf7 31. Qe5 Re8 32. Qg3 1-0

[Event "Mechanics' Fall TNM; G/2 d5"]
[Site "San Francisco"]
[Date "2017.12.12"]
[Round "8.49"]
[White "Revi, Frank"]
[Black "Rushton, Peter"]
[Result "1-0"]
[WhiteElo "1232"]
[BlackElo "1629"]
[Annotator "Donaldson"]
[PlyCount "68"]
[EventDate "2017.??.??"]

1. d4 d5 2. c4 dxc4 3. Nf3 Nf6 4. Nc3 Bf5 5. Bf4 e6 6. a3 Nd5 7. Bg3 c6 8. e3
Qa5 9. Rc1 Nxc3 10. Qd2 (10. Rxc3 Bxa3 $1) 10... b5 11. Rxc3 b4 $2 (11... Nd7
$17) 12. Rxc4 Na6 13. Be2 c5 14. O-O Rd8 15. Ne5 Be4 16. Bd3 Bd5 17. Rcc1 Be7
18. f4 f6 19. Ng4 h5 20. e4 Bb7 21. Ne3 Rxd4 22. Rc4 h4 23. Be1 Qd8 24. Rxd4
cxd4 25. Bb5+ Kf7 26. Nc2 Qb6 27. Nxd4 Bc5 28. Bf2 h3 29. Bc4 Nc7 30. Re1 Rg8
31. f5 Ke7 32. fxe6 g6 {Diagram [#]} 33. Nf5+ $1 gxf5 34. Qd7+ Kf8 1-0

[Event "Mechanics' Summer TNM; G/2 d5"]
[Site "San Francisco"]
[Date "2017.05.23"]
[Round "1.23"]
[White "Revi, Frank"]
[Black "Sarafian, Greg"]
[Result "0-1"]
[WhiteElo "1354"]
[BlackElo "1929"]
[PlyCount "82"]
[EventDate "2017.??.??"]

1. d4 Nf6 2. c4 e6 3. Nf3 d5 4. Bf4 Nbd7 5. e3 a6 6. a3 Be7 7. Nc3 dxc4 8. Bxc4
b5 9. Bb3 Nh5 10. Be5 Bb7 11. Rc1 c5 12. Qe2 Nxe5 13. dxe5 g6 14. Bc2 O-O 15.
Be4 Qc7 16. Bxb7 Qxb7 17. O-O Ng7 18. Nd2 f6 19. f4 f5 20. Nf3 Rfd8 21. Ng5 h6
22. Nf3 Rac8 23. Qf2 Rd3 24. Rce1 Rcd8 25. Nh4 Kh7 26. Qg3 Bxh4 27. Qxh4 Rd2
28. Rf3 Qd7 29. Rh3 h5 30. Qg5 Qf7 31. Kf1 Ne8 32. g4 fxg4 33. Rg3 Qf5 34. Qe7+
Ng7 35. h3 gxh3 36. Qb7 h2 37. Qh1 Qd3+ 38. Ne2 Nf5 39. Rh3 Nxe3+ 40. Kf2 Ng4+
41. Kf1 Qxh3+ 0-1

[Event "Mechanics' Summer TNM; G/2 d5"]
[Site "San Francisco"]
[Date "2017.07.11"]
[Round "7.36"]
[White "Revi, Frank"]
[Black "Torres, Julian"]
[Result "1/2-1/2"]
[WhiteElo "1354"]
[BlackElo "1589"]
[PlyCount "112"]
[EventDate "2017.??.??"]

1. d4 d5 2. c4 e6 3. Bf4 g5 4. Bd2 Bg7 5. Bc3 Nc6 6. e3 Nf6 7. Nd2 O-O 8. Be2
Re8 9. Ngf3 h6 10. Qc2 Ng4 11. Rd1 e5 12. cxd5 exd4 13. Nc4 Qxd5 14. h3 Nxf2
15. Kxf2 dxe3+ 16. Nxe3 Qc5 17. Qc1 Ne5 18. b4 Qb6 19. Nd4 Qf6+ 20. Nf3 c6 21.
Rhf1 b5 22. Kg1 Nxf3+ 23. Bxf3 Qxc3 24. Qxc3 Bxc3 25. Bxc6 Rxe3 26. Bxa8 Be6
27. Bc6 Bxb4 28. Bxb5 Bc5 29. Kh2 Bxa2 30. Rc1 Bd6+ 31. Kg1 a5 32. Bc4 Bxc4 33.
Rxc4 Re8 34. Rf6 Re6 35. Rxe6 fxe6 36. Rc6 Bb4 37. Rxe6 Kg7 38. Re4 Kf6 39. Rc4
Kg6 40. h4 gxh4 41. Rxh4 Kg5 42. g3 h5 43. Kg2 Bd6 44. Rd4 Bb4 45. Kh3 Be1 46.
Re4 Bd2 47. Re5+ Kg6 48. Kh4 a4 49. Rxh5 a3 50. Kg4 a2 51. Rh1 Bc3 52. Kf3 Kg5
53. Ke2 a1=Q 54. Rxa1 Bxa1 55. Kf3 Be5 56. g4 Bd6 1/2-1/2

[Event "Mechanics' Peter Grey TNM; G/2 d5"]
[Site "San Francisco"]
[Date "2017.08.15"]
[Round "2.14"]
[White "Ricard, Bruce"]
[Black "Anderson, Michael"]
[Result "1-0"]
[WhiteElo "1593"]
[BlackElo "1908"]
[PlyCount "97"]
[EventDate "2017.??.??"]

1. e4 c5 2. c3 Nf6 3. e5 Nd5 4. Nf3 e6 5. d4 cxd4 6. cxd4 b6 7. Bd3 Bb7 8. O-O
Be7 9. Bd2 Nc6 10. Nc3 Ncb4 11. Bb1 Rc8 12. a3 Nxc3 13. bxc3 Nd5 14. Qb3 Ba6
15. Rc1 Bc4 16. Qb2 O-O 17. Qc2 g6 18. Bh6 Re8 19. Nd2 Bg5 20. Bxg5 Qxg5 21.
Ne4 Qh6 22. Nd6 Bb3 23. Qb2 Nf4 24. Be4 Bc4 25. Nxe8 Ne2+ 26. Kh1 Rxe8 27. Re1
Nf4 28. Qd2 g5 29. Re3 Kh8 30. g3 Nd5 31. Rf3 f5 32. Bd3 Qh5 33. g4 fxg4 34.
Rg3 Bxd3 35. Qxd3 Rf8 36. Qe2 Rf3 37. Rxf3 gxf3 38. Qd2 Nf4 39. Rg1 Ng2 40. c4
g4 41. d5 Qxe5 42. Qh6 Qf5 43. dxe6 Qxe6 44. Qf8+ Qg8 45. Qf6+ Qg7 46. Qd8+ Qg8
47. Qxd7 h5 48. Rd1 Ne3 49. Qd4+ 1-0

[Event "Mechanics' Spring TNM; G/2"]
[Site "San Francisco"]
[Date "2017.04.11"]
[Round "5.23"]
[White "Ricard, Bruce"]
[Black "Andries, W Craig"]
[Result "0-1"]
[WhiteElo "1545"]
[BlackElo "1860"]
[PlyCount "123"]
[EventDate "2017.??.??"]

1. e4 g6 2. d4 Bg7 3. Nc3 d6 4. Be3 a6 5. Qd2 b5 6. h4 h6 7. Be2 Bb7 8. f3 Nd7
9. a3 e6 10. O-O-O Qe7 11. Kb1 O-O-O 12. d5 Ngf6 13. Bxb5 axb5 14. Nxb5 exd5
15. Qa5 Nb6 16. Bxb6 cxb6 17. Qxb6 Qd7 18. Ne2 Ne8 19. Rxd5 Bxd5 20. Na7+ Qxa7
21. Qxa7 Rd7 22. Qe3 Bb7 23. b4 Nc7 24. c4 Kb8 25. Nd4 Re8 26. Qd3 h5 27. b5
Bxd4 28. Qxd4 Ne6 29. Qb6 Nc5 30. Rd1 Re6 31. Qxc5 dxc5 32. Rxd7 f5 33. exf5
gxf5 34. Rh7 Re1+ 35. Kc2 Re2+ 36. Kd3 Rxg2 37. Rxh5 Ra2 38. Rxf5 Rxa3+ 39. Ke2
Rc3 40. Rf4 Rc2+ 41. Kf1 Bc8 42. Kg1 Be6 43. h5 Bxc4 44. h6 Bd3 45. Rf8+ Kb7
46. f4 Be4 47. Re8 Bd3 48. Re3 c4 49. h7 Bxh7 50. Re7+ Kb6 51. Rxh7 Kxb5 52. f5
Kc6 53. f6 Kd6 54. Ra7 Rb2 55. Kf1 c3 56. Ke1 Rb1+ 57. Ke2 c2 58. f7 Re1+ 59.
Kxe1 c1=Q+ 60. Ke2 Qc4+ 61. Ke1 Qe6+ 62. Kd1 0-1

[Event "Mechanics' Fall TNM; G/2 d5"]
[Site "San Francisco"]
[Date "2017.11.14"]
[Round "4.7"]
[White "Ricard, Bruce"]
[Black "Askin, Michael"]
[Result "0-1"]
[WhiteElo "1804"]
[BlackElo "1992"]
[PlyCount "102"]
[EventDate "2017.??.??"]

1. e4 c6 2. d4 d5 3. Nc3 dxe4 4. Nxe4 Bf5 5. Ng3 Bg6 6. h4 h6 7. Nf3 Nd7 8. h5
Bh7 9. Bd3 Bxd3 10. Qxd3 e6 11. Bd2 Ngf6 12. O-O-O Be7 13. Kb1 c5 14. Ne4 O-O
15. dxc5 Nxc5 16. Nxf6+ Bxf6 17. Qe2 Qb6 18. Ne5 Na4 19. b3 Qd4 20. bxa4 Bxe5
21. c3 Qb6+ 22. Qb5 Qc7 23. g4 a6 24. Qe2 Bxc3 25. Bxc3 Qxc3 26. g5 Rac8 27.
gxh6 Rc4 28. Rd2 Rb4+ 29. Rb2 Rd8 30. Rxb4 Qxb4+ 31. Ka1 Qc3+ 32. Qb2 Qxb2+ 33.
Kxb2 gxh6 34. Kc3 Rd5 35. Rb1 Rxh5 36. Rxb7 Rf5 37. Ra7 a5 38. Kd3 Rxf2 39.
Rxa5 Rxa2 40. Ke4 Kg7 41. Kf4 Kf6 42. Ra8 h5 43. a5 Ra4+ 44. Kg3 Kf5 45. a6 e5
46. a7 h4+ 47. Kh3 f6 48. Rh8 Rxa7 49. Rxh4 Rg7 50. Rb4 e4 51. Kh2 Kf4 0-1

[Event "Mechanics' Peter Grey TNM; G/2 d5"]
[Site "San Francisco"]
[Date "2017.09.12"]
[Round "6.11"]
[White "Ricard, Bruce"]
[Black "Askin, Michael"]
[Result "0-1"]
[WhiteElo "1593"]
[BlackElo "2026"]
[Annotator "Donaldson"]
[PlyCount "36"]
[EventDate "2017.??.??"]

1. e4 c6 2. d4 d5 3. e5 Bf5 4. Nc3 e6 5. g4 Bg6 6. Nge2 h5 7. Nf4 Ne7 8. Nxg6
Nxg6 9. gxh5 Nh4 10. Rg1 Nf5 11. Qg4 Qb6 12. Bd3 Qxd4 13. Bxf5 Qxe5+ 14. Be4
dxe4 15. Bg5 f5 16. Qh4 Nd7 17. O-O-O g6 18. Rxd7 $4 {Diagram [#]} (18. h6)
18... Rxh5 $1 0-1

[Event "Mechanics' Peter Grey TNM; G/2 d5"]
[Site "San Francisco"]
[Date "2017.09.19"]
[Round "7.19"]
[White "Ricard, Bruce"]
[Black "Babayan, Gagik"]
[Result "1-0"]
[WhiteElo "1593"]
[BlackElo "1813"]
[PlyCount "93"]
[EventDate "2017.??.??"]

1. e4 e6 2. d4 d5 3. Nc3 Nf6 4. Bg5 Be7 5. e5 Nfd7 6. Bxe7 Qxe7 7. f4 c5 8. Nf3
Nc6 9. dxc5 Nxc5 10. Qd2 a6 11. O-O-O O-O 12. Kb1 b5 13. Nd4 Nxd4 14. Qxd4 Nd7
15. f5 Bb7 16. Ne4 exf5 17. Nd6 Bc6 18. Re1 g6 19. Bd3 f6 20. Nf7 fxe5 21. Nxe5
Nxe5 22. Rxe5 Qf6 23. Qc3 Rae8 24. Rxe8 Bxe8 25. Qd2 Bd7 26. h4 h5 27. Be2 Be6
28. a4 Rb8 29. Qf4 Rb6 30. a5 Rc6 31. g4 hxg4 32. Bxg4 Rc4 33. Qb8+ Qf8 34. Qb6
Qc8 35. Bd1 d4 36. Rg1 Kh7 37. Re1 Bf7 38. Qf6 Rc7 39. h5 g5 40. h6 Bg6 41. Re6
Qg8 42. Rxa6 d3 43. cxd3 g4 44. Bb3 Qe8 45. Bd5 f4 46. Ra8 Bxd3+ 47. Ka2 1-0

[Event "Mechanics' Summer TNM; G/2 d5"]
[Site "San Francisco"]
[Date "2017.06.27"]
[Round "6.37"]
[White "Ricard, Bruce"]
[Black "Baer, Michael Alan"]
[Result "1-0"]
[WhiteElo "1566"]
[BlackElo "1306"]
[PlyCount "65"]
[EventDate "2017.??.??"]

1. e4 c5 2. Nf3 d6 3. d4 cxd4 4. Nxd4 Nf6 5. Nc3 Nc6 6. Bg5 Bd7 7. Qd2 e6 8.
O-O-O Be7 9. f4 O-O 10. Bc4 Rc8 11. Bb3 Na5 12. e5 Rxc3 13. exf6 gxf6 14. Qxc3
fxg5 15. Qg3 Kh8 16. fxg5 Bxg5+ 17. Kb1 d5 18. Rhf1 Nxb3 19. Qxb3 b6 20. Qa3 a5
21. Qd6 Be7 22. Qe5+ Kg8 23. Rd3 f6 24. Rg3+ Kh8 25. Qh5 Be8 26. Qg4 Bg6 27.
Nxe6 Qc8 28. Nxf8 Qxc2+ 29. Ka1 Bxf8 30. Rc3 Qd2 31. Rc8 Kg8 32. Qe6+ Bf7 33.
Qxf6 1-0

[Event "Mechanics' Fall TNM; G/2 d5"]
[Site "San Francisco"]
[Date "2017.12.12"]
[Round "8.9"]
[White "Ricard, Bruce"]
[Black "Cheng, Alfonso"]
[Result "1-0"]
[WhiteElo "1804"]
[BlackElo "1952"]
[PlyCount "77"]
[EventDate "2017.??.??"]

1. e4 e5 2. Nf3 Nc6 3. Bb5 a6 4. Ba4 Bc5 5. O-O d6 6. c3 b5 7. Bb3 Nf6 8. d4
Bb6 9. dxe5 Nxe5 10. Nxe5 dxe5 11. Qxd8+ Kxd8 12. Bg5 Bb7 13. Nd2 Ke7 14. Nf3
h6 15. Bh4 g5 16. Bg3 Nxe4 17. Bxe5 f6 18. Bd4 c5 19. Be3 Rhd8 20. Rfe1 Kf8 21.
Bc2 Re8 22. Rad1 Re6 23. Rd7 Bc6 24. Bxe4 Bxe4 25. Red1 Rc8 26. h4 c4 27. Nd4
Bxd4 28. R1xd4 Rce8 29. Rd2 Bd3 30. b3 Kg8 31. bxc4 bxc4 32. Rb2 Bf5 33. Rbb7
Kh8 34. Rdc7 Re4 35. Bd4 Rf8 36. Bxf6+ Kg8 37. Rg7+ Kh8 38. Rh7+ Kg8 39. Rh8#
1-0

[Event "Mechanics' Summer TNM; G/2 d5"]
[Site "San Francisco"]
[Date "2017.07.11"]
[Round "7.26"]
[White "Ricard, Bruce"]
[Black "Holderness, Benjamin"]
[Result "1-0"]
[WhiteElo "1566"]
[BlackElo "1179"]
[PlyCount "83"]
[EventDate "2017.??.??"]

1. e4 c5 2. Nf3 d6 3. d4 cxd4 4. Nxd4 Nf6 5. Nc3 Nc6 6. Bg5 e6 7. Qd2 Be7 8.
O-O-O O-O 9. f4 Qc7 10. Ndb5 Qd7 11. Nxd6 Rd8 12. Nxc8 Qxc8 13. Bd3 Qc7 14. e5
Nd5 15. Nb5 Qc8 16. Bxe7 Ncxe7 17. Nd6 Qc6 18. Kb1 Nc8 19. Ne4 Ncb6 20. Ng5 h6
21. Ne4 Na4 22. c4 Ndb6 23. Qe2 Nc5 24. Nxc5 Qxc5 25. Qe4 g6 26. Be2 Qc6 27.
Qxc6 bxc6 28. b3 Rab8 29. Rxd8+ Rxd8 30. Rd1 Rxd1+ 31. Bxd1 c5 32. Kc2 Kf8 33.
Kc3 Ke7 34. b4 cxb4+ 35. Kxb4 Kd7 36. Ba4+ Ke7 37. c5 Nc8 38. Kb5 g5 39. g3 f6
40. Kc6 fxe5 41. fxe5 Kd8 42. Bb3 1-0

[Event "Mechanics' Spring TNM; G/2"]
[Site "San Francisco"]
[Date "2017.03.14"]
[Round "1.12"]
[White "Ricard, Bruce"]
[Black "Ivanov, Aleksandr"]
[Result "1/2-1/2"]
[WhiteElo "1545"]
[BlackElo "2092"]
[PlyCount "103"]
[EventDate "2017.??.??"]

1. e4 c6 2. d4 d5 3. e5 Bf5 4. Nf3 e6 5. Be2 Nd7 6. O-O c5 7. c3 Ne7 8. Nh4
Bxb1 9. Rxb1 Nc6 10. Nf3 Be7 11. Bd3 cxd4 12. cxd4 Nb4 13. a3 Nxd3 14. Qxd3 O-O
15. Bd2 h6 16. Qb5 Nb6 17. Ba5 Qd7 18. Qxd7 Nxd7 19. Rfc1 Rfc8 20. Bc7 Nb6 21.
Bxb6 axb6 22. Kf1 Rc6 23. Ke2 h5 24. h3 g6 25. Kd2 Ra4 26. Rc3 Bf8 27. g4 hxg4
28. hxg4 Be7 29. Rbc1 Rac4 30. Kd3 b5 31. R1c2 Bd8 32. Nd2 Rxc3+ 33. Rxc3 Kf8
34. Rb3 Rb6 35. Nb1 Be7 36. Nc3 b4 37. Na2 Kg7 38. Nxb4 Bxb4 39. Rxb4 Rxb4 40.
axb4 f6 41. exf6+ Kxf6 42. Ke3 Kg5 43. Kf3 Kh4 44. Kf4 g5+ 45. Ke5 Kxg4 46.
Kxe6 Kf3 47. Kxd5 g4 48. Kc4 Kxf2 49. d5 g3 50. d6 g2 51. d7 g1=Q 52. d8=Q
1/2-1/2

[Event "Mechanics' Summer TNM; G/2 d5"]
[Site "San Francisco"]
[Date "2017.06.06"]
[Round "3.19"]
[White "Ricard, Bruce"]
[Black "Kim, Isaiah"]
[Result "1-0"]
[WhiteElo "1566"]
[BlackElo "2061"]
[PlyCount "65"]
[EventDate "2017.??.??"]

1. e4 c6 2. d4 d5 3. e5 Bf5 4. Nf3 e6 5. Be2 Nd7 6. O-O Ne7 7. Nbd2 h6 8. Nb3
g5 9. Ne1 Bg7 10. f4 Qc7 11. a4 O-O-O 12. a5 f6 13. Nd3 gxf4 14. exf6 Bxf6 15.
Bxf4 e5 16. dxe5 Nxe5 17. Nd4 Bd7 18. Nc5 Rdg8 19. b4 h5 20. c4 N7g6 21. b5
Nxf4 22. Rxf4 Nf3+ 23. Rxf3 Qe5 24. Rxf6 Qxf6 25. Nxd7 Kxd7 26. bxc6+ bxc6 27.
cxd5 cxd5 28. Qa4+ Ke7 29. Qb4+ Kd8 30. Qb8+ Ke7 31. Qc7+ Ke8 32. Bb5+ Kf8 33.
Rf1 1-0

[Event "Mechanics' Fall TNM; G/2 d5"]
[Site "San Francisco"]
[Date "2017.11.28"]
[Round "6.10"]
[White "Ricard, Bruce"]
[Black "Maser, Thomas F"]
[Result "0-1"]
[WhiteElo "1804"]
[BlackElo "1945"]
[Annotator "Donaldson"]
[PlyCount "52"]
[EventDate "2017.??.??"]

1. e4 e5 2. Nf3 Nc6 3. Bb5 a6 4. Ba4 d6 5. c3 Bd7 6. d4 Nf6 7. O-O Nxe4 8. Re1
d5 $6 (8... Nf6 $11) 9. c4 $1 Bb4 10. cxd5 Bxe1 11. Qxe1 Nxd4 12. Bxd7+ $6 (12.
Nxe5) (12. Nxd4) 12... Qxd7 13. Qxe4 Nxf3+ 14. Qxf3 O-O-O 15. Nc3 f5 16. Bg5
Rde8 17. Rd1 f4 {Diagram [#]} 18. d6 (18. Ne4 $1 h6 19. d6 hxg5 20. Nc5) 18...
cxd6 19. Nd5 (19. Ne4) 19... Kb8 20. Qa3 h6 21. Bxf4 $2 (21. Bh4 g5 22. Bxg5
hxg5 23. Nf6) 21... exf4 22. Nxf4 Re4 23. Nd5 Rhe8 24. Ne3 d5 25. Rxd5 Qxd5 26.
Nxd5 Re1# 0-1

[Event "Mechanics' Spring TNM; G/2"]
[Site "San Francisco"]
[Date "2017.05.02"]
[Round "8.17"]
[White "Ricard, Bruce"]
[Black "Mays, Jerry L"]
[Result "1-0"]
[WhiteElo "1545"]
[BlackElo "1804"]
[PlyCount "59"]
[EventDate "2017.??.??"]

1. e4 e6 2. d4 c5 3. d5 exd5 4. exd5 a6 5. c4 d6 6. Bd3 Be7 7. Nc3 Nf6 8. Nge2
O-O 9. h3 Nbd7 10. Bc2 Ne5 11. b3 Ng6 12. Bb2 Bd7 13. O-O b5 14. f4 bxc4 15. f5
cxb3 16. axb3 Ne5 17. Nf4 c4 18. b4 Qb6+ 19. Kh2 Qxb4 20. Rb1 Rab8 21. g4 g5
22. fxg6 hxg6 23. g5 Nfg4+ 24. hxg4 Nxg4+ 25. Kg3 Ne3 26. Qe2 Nxf1+ 27. Qxf1
Bxg5 28. Ne4 c3 29. Bxc3 Qa3 30. Ra1 1-0